=LDR 00000nam 2200000 4500 =001 NUTBA000000000004117 =005 20140903095335.0 =006 =007 =008 =020 ##$$a 978-979-29-3088-7 =035 ##$$a 0010-091400000000150 =040 ##$$a NBPDMAT =082 ##$$a 371.26 =084 ##$$a 371.26 Tim p =100 ##$$a Tim Pena Eksakta =245 ##$$a Pasti sukses ujian nasional SMA/MA Program IPA / $c Tim Pena Eksakta; editor, Westriningsih =260 ##$$a Yogyakarta : $b Andi, $c 2012 =300 ##$$a ix, 358 hlm. : $b ilus. ; $c 22 cm. =650 ##$$a latihan ujian-SMA =700 ##$$a Westriningsih =990 ##$$a 21409202 =990 ##$$a 0001/BPAP-NTB/20142014 =990 ##$$a 0001/BPAP-NTB/20142014 =990 ##$$a 0001/BPAP-NTB/20142014 =990 ##$$a 0001/BPAP-NTB/20142014 =990 ##$$a 0001/BPAP-NTB/20142014